Jusqu'au Dernier Gramme ~ PNL - Statistiques

Statistiques générales
  • Ce quiz a été pris 126 fois
  • Le résultat moyen est 134 sur 249
Statistiques - réponses
Réponse % Correct
la
96%
l'a
96%
à
92%
e
92%
J'
91%
de
87%
suis
82%
le
81%
se
81%
sous
81%
ai
79%
en
77%
mille
77%
jusqu'à
76%
semelle
74%
91
73%
m'a
73%
ma
73%
fin
71%
cas
69%
on
69%
soucis
69%
couilles
68%
paire
68%
monde
65%
ce
64%
l'air
64%
monte
64%
montre
64%
pas
64%
d'problème
62%
et
62%
vois
62%
j'ai
60%
j'le
60%
c'que
59%
d'semaine
59%
du
59%
ou
59%
pour
59%
dit
58%
fait
58%
merde
58%
faut
56%
guerre
55%
qui
55%
il
54%
perdre
54%
dans
53%
d'bonheur
53%
donner
53%
d'temps
51%
un
51%
Baba
50%
con
50%
donc
50%
par
50%
que
50%
haine
49%
mêmes
49%
une
49%
y
49%
l'canon
47%
moi
47%
plus
47%
au
46%
avec
46%
c'putain
46%
est
46%
arme
44%
contrat
44%
deux
44%
douze
44%
paix
44%
si
44%
ta
44%
vous
44%
d'cinéma
42%
d'travers
42%
homme
42%
les
42%
secondes
42%
Y'a
42%
chez
41%
épiloguer
41%
jette
41%
ressort
41%
vite
41%
c'est
40%
cul
40%
des
40%
sert
40%
bite
38%
ferme
38%
l'temps
38%
scier
38%
sonde
38%
trou
38%
votre
38%
alors
37%
bas
37%
fond
37%
j'aime
37%
pardonnez
37%
gueule
36%
jouer
36%
peur
36%
qu'on
36%
silence
36%
sinon
36%
voit
36%
parce
35%
tout
35%
emmerde
33%
lieues
33%
million
33%
parait
33%
poussez
33%
s'agit
33%
beuh
32%
coeur
32%
mois
32%
n'plus
32%
qu'au
32%
regard
32%
sur
32%
ciel
31%
l'bon
31%
voir
31%
alcool
29%
copiloter
29%
l'regard
29%
nourrir
29%
sourire
29%
timing
29%
erreurs
28%
belle
27%
feuille
27%
j'salis
27%
nan
27%
nord
27%
n'veut
27%
d'mes
26%
flaire
26%
j'écris
26%
j'perds
26%
l'courage
26%
oh
26%
poids
26%
années
24%
contamine
24%
mytho
23%
consciemment
22%
constamment
22%
minutes
22%
décibels
21%
découpé
21%
fleur
21%
rage
21%
trahison
21%
naiveté
17%
referapourquoi
12%
k'aime
0%
Aucun quiz correspondant
Distribution des résultats
% des personnes avec chaque résultat
Percentile par nombre de réponses
Votre historique - résultats
Vous n’avez pas pris ce quiz